Medaillespiegel Olympische Winterspelen 2026 - Statistieken

Algemene statistieken
  • Deze quiz is 657 keer genomen
  • De gemiddelde score is 16 van 20
Antwoordstatistieken
G Z B Land % Correct
12 12 9 Verenigde Staten
100%
10 7 3 Nederland
98%
18 12 11 Noorwegen
97%
8 6 4 Zweden
94%
5 7 9 Canada
93%
8 10 8 Duitsland
93%
10 6 14 Italië
93%
5 4 6 China
92%
8 9 6 Frankrijk
90%
5 7 12 Japan
89%
1 0 2 Spanje
88%
5 8 5 Oostenrijk
84%
6 9 8 Zwitserland
84%
3 1 1 Verenigd Koninkrijk
76%
3 4 3 Zuid-Korea
72%
3 2 1 Australië
70%
1 0 0 Brazilië
66%
2 2 1 Tsjechië
59%
2 1 1 Slovenië
53%
1 0 0 Kazachstan
42%
Geen overeenkomende quizzen gevonden
Scoreverdeling
Procent van Mensen met Elke Score
Percentiel versus Aantal Correcte Antwoorden
Uw Scoregeschiedenis
U heeft deze quiz nog niet genomen